| 000 | 00510nam a2200193Ia 4500 | ||
|---|---|---|---|
| 003 | GCL | ||
| 008 | 140319s9999 xx 000 0 eng d | ||
| 040 |
_aGCL / _cGCL |
||
| 082 | 0 | 4 |
_a944.07 _bC B |
| 100 | 1 | _aCORBIN, ALAIN | |
| 245 | 1 | 0 |
_aLA BARRICADE / _cCORBIN, ALAIN |
| 700 | 1 | _aMAYEUR, JEAN - MARIE | |
| 260 |
_a[S.N] : _bPUBLICATIONS DE LA SORBONNE ، _c1997 |
||
| 300 | _a522 P | ||
| 650 | 0 | 4 | _aFRANCE - HISTORY - 1848 |
| 650 | 0 | 4 | _aHISTORY |
| 650 | 0 | 4 | _aFRANCE - REVOLUTION, 1848 |
| 942 |
_2ddc _cBK |
||
| 999 |
_c16305 _d16305 |
||